Accounting : (Record no. 164099)
[ view plain ]
| 000 -LEADER | |
|---|---|
| fixed length control field | 01107nam a2200289 4500 |
| 001 - CONTROL NUMBER | |
| control field | vtls000067160 |
| 003 - CONTROL NUMBER IDENTIFIER | |
| control field | MY-SjTCS |
| 005 - DATE AND TIME OF LATEST TRANSACTION | |
| control field | 20200402121003.0 |
| 008 - FIXED-LENGTH DATA ELEMENTS--GENERAL INFORMATION | |
| fixed length control field | 110218 1995 00 eng |
| 020 ## - INTERNATIONAL STANDARD BOOK NUMBER | |
| International Standard Book Number | 0074702092 |
| 039 #9 - LEVEL OF BIBLIOGRAPHIC CONTROL AND CODING DETAIL [OBSOLETE] | |
| Level of rules in bibliographic description | 201904231504 |
| Level of effort used to assign nonsubject heading access points | dianafitri |
| Level of effort used to assign subject headings | 201102181237 |
| Level of effort used to assign classification | VLOAD |
| Level of effort used to assign subject headings | 200804141203 |
| Level of effort used to assign classification | chon ling |
| Level of effort used to assign subject headings | 200412231047 |
| Level of effort used to assign classification | ramlah |
| 082 04 - DEWEY DECIMAL CLASSIFICATION NUMBER | |
| Classification number | 657 |
| Item number | KLO |
| 100 1# - MAIN ENTRY--PERSONAL NAME | |
| Personal name | KLOOT, Louise S. |
| 9 (RLIN) | 79627 |
| 245 10 - TITLE STATEMENT | |
| Title | Accounting : |
| Remainder of title | the basis for business decisions / |
| Statement of responsibility, etc. | Louise S. Kloot, Ellen K. Sandercock |
| 250 ## - EDITION STATEMENT | |
| Edition statement | 2nd Australian ed. |
| 260 ## - PUBLICATION, DISTRIBUTION, ETC. | |
| Place of publication, distribution, etc. | Sydney : |
| Name of publisher, distributor, etc. | McGraw Hill Book Co. Australia, |
| Date of publication, distribution, etc. | 1995 |
| 300 ## - PHYSICAL DESCRIPTION | |
| Extent | xiv, 1006 p. ; |
| Dimensions | 24 cm. |
| 500 ## - GENERAL NOTE | |
| General note | This is the Australian ed. of the book by Walter B. Meigs and Robert F. Meigs |
| 590 ## - LOCAL NOTE (RLIN) | |
| Local note | Australian Degree Programme : 22107T |
| 650 #0 - SUBJECT ADDED ENTRY--TOPICAL TERM | |
| Topical term or geographic name entry element | Accounting |
| 9 (RLIN) | 23594 |
| 650 #0 - SUBJECT ADDED ENTRY--TOPICAL TERM | |
| Topical term or geographic name entry element | Financial statements. |
| 9 (RLIN) | 203457 |
| 650 #0 - SUBJECT ADDED ENTRY--TOPICAL TERM | |
| Topical term or geographic name entry element | Cash flow. |
| 9 (RLIN) | 206312 |
| 700 1# - ADDED ENTRY--PERSONAL NAME | |
| Personal name | Saundercock, Ellen K. |
| Relator term | (j.a.) |
| 9 (RLIN) | 79628 |
| 920 ## - Programme | |
| Programme | ADP : 90547, 90548, 90549, 91637, 91638, 91639, 91640 |
| 921 ## - Programme | |
| Programme | ADP : 500118 |
| 922 ## - Programme | |
| Programme | AUDP : 51732, 51733, 51734, 51735, 51736, 51737 |
| Withdrawn status | Lost status | Source of classification or shelving scheme | Damaged status | Not for loan | Home library | Current library | Date acquired | Total Checkouts | Barcode | Date last seen | Date last checked out | Copy number | Koha item type | Public note | Collection code |
|---|---|---|---|---|---|---|---|---|---|---|---|---|---|---|---|
| Withdrawn | Dewey Decimal Classification | Taylor's Library-TU | TU External Storage-LCS | 27/07/2004 | 13 | 1000019627 | 12/12/2019 | 03/09/2009 | 1 | Main Collection | ADTP, 500118 | Please fill up online form at https://taylorslibrary.taylors.edu.my/services/external_storage1 | |||
| Withdrawn | Dewey Decimal Classification | Taylor's Library-TU | Taylor's Library-TU | 27/07/2004 | 14 | 1000023708 | 12/12/2019 | 23/09/2012 | 1 | Main Collection | SLASx,05000,03,GR | ||||
| Withdrawn | Dewey Decimal Classification | Taylor's Library-TU | Taylor's Library-TU | 27/07/2004 | 24 | 1000023707 | 12/12/2019 | 15/11/2011 | 1 | Main Collection | SLASx,05000,03,GR | ||||
| Withdrawn | Dewey Decimal Classification | Taylor's Library-TU | Taylor's Library-TU | 27/07/2004 | 19 | 1000023705 | 12/12/2019 | 01/07/2011 | 1 | Main Collection | SLASx,05000,03,GR |